000 00219 a2200097 4500
001 8586
100 _aMufti Mumtaz
245 _aSamey ka bandhan (Not available-664-B)
260 _a
_bFerozsons
_c
090 _c6909
_d6909
942 _aNUST-CAE
_cM
_c33499
999 _c243659
_d243659